BDO World Darts Championship champions (1978-2020) - Statistics

General Stats
  • This quiz has been taken 220 times
    182 since last reset
  • The average score is 15 of 26
Answer Stats
Answer % Correct
Phil Taylor
95%
Raymond van Barneveld
91%
Eric Bristow
82%
John Part
80%
Jocky Wilson
74%
John Lowe
73%
Bob Anderson
69%
Martin Adams
68%
Dennis Priestley
67%
Stephen Bunting
60%
Keith Deller
58%
Jelle Klaasen
57%
Leighton Rees
57%
Glen Durrant
56%
Ted Hankey
53%
Mark Webster
52%
Richie Burnett
51%
Christian Kist
48%
Scott Waites
48%
Andy Fordham
45%
Steve Beaton
43%
Les Wallace
38%
Scott Mitchell
38%
Wayne Warren
38%
Tony David
37%
John Walton
34%
No matching quizzes found
Score Distribution
Percent of People with Each Score
Percentile by Number Answered
Your Score History
You have not taken this quiz since the last reset